000 00261nam a2200121Ia 4500
008 190216s9999||||xx |||||||||||||| ||und||
100 _aOsho
245 0 _aJeevitham Premam Pottichiri
260 _bSilence
300 _a319
650 _aLekhanam
942 _cBK
999 _c29384
_d29384